|
|
|
|
| LEADER |
00000nam0a2200000 4500 |
| 001 |
172148 |
| 005 |
20231031164225.0 |
| 035 |
|
|
|a (RuTPU)RU\TPU\book\186644
|
| 090 |
|
|
|a 172148
|
| 100 |
|
|
|a 20091210d1974 k y0rusy50 ca
|
| 101 |
0 |
|
|a rus
|
| 102 |
|
|
|a RU
|
| 105 |
|
|
|a a z 001zy
|
| 200 |
1 |
|
|a Типы петрографических провинций СССР (опыт формационного анализа)
|f В. Н. Москалева, Е. Т. Шаталов
|g Всесоюзный научно-исследовательский геологический институт (ВСЕГЕИ)
|
| 210 |
|
|
|a Москва
|c Недра
|d 1974
|
| 215 |
|
|
|a 168 с.
|c ил.
|e карты
|
| 320 |
|
|
|a Библиогр.: с. 156-165.
|
| 610 |
1 |
|
|a петрографические провинции
|
| 610 |
1 |
|
|a СССР
|
| 610 |
1 |
|
|a типы
|
| 610 |
1 |
|
|a формационный анализ
|
| 610 |
1 |
|
|a магматические формации
|
| 610 |
1 |
|
|a магматизм
|
| 610 |
1 |
|
|a петрографо-металлогеническое районирование
|
| 610 |
1 |
|
|a схемы
|
| 675 |
|
|
|a 552.3
|v 3
|
| 700 |
|
1 |
|a Москалева
|b В. Н.
|g Валентина Николаевна
|
| 701 |
|
1 |
|a Шаталов
|b Е. Т.
|g Евгений Трофимович
|
| 712 |
0 |
2 |
|a Всесоюзный научно-исследовательский геологический институт (ВСЕГЕИ)
|c (Ленинград)
|c (1939-1991)
|2 stltpush
|3 (RuTPU)RU\TPU\col\11367
|
| 801 |
|
1 |
|a RU
|b 63413507
|c 20091210
|
| 801 |
|
2 |
|a RU
|b 63413507
|c 20141110
|g RCR
|
| 942 |
|
|
|c BK
|